000 00822 a2200229 4500
005 20080829123836.0
008 080908t xxu||||| |||| 00| 0 eng d
010 _aENG-90976
020 _a9788178803425
_c750.00
035 _aEN-74509
037 _bDBAD / PUB
040 _adpl
_bEnglish
082 _a574.52642
100 _aMalik, Ashok
245 _aDynamics of forest ecosystems /
_cby Ashok Malik
260 _aNew Delhi
_bRajat Publications
_c2008
270 _a4675/21, Ansari Raod, Darya Ganj,
_bNew Delhi
_e110002
300 _avi, 280 p.
_c22 cm. (Hb)
650 _aForest ecology
942 _adpl
_cEN
_2ddc
_mMAL
_h574.52642
999 _c15404
_d15404